000 00262nam a22000977a 4500
008 230418b |||||||| |||| 00| 0 eng d
020 _a9780340910948
100 _aBlyton Guid
_97607
245 _aThe Naughtiest Girl-6
260 _aLondon
_bHalder Children Books
_c2015
999 _c12244
_d12244